Manchester City General Knowledge Quiz 2017-2018 - Statistics

General Stats
  • This quiz has been taken 190 times
  • The average score is 8 of 16
Answer Stats
Number Questions Answer % Correct
2 What kit number is Sergio Aguero ? 10
97%
3 How many goals did Man City score in the first game of the season ? 2
90%
1 Who is Manchester cities manager ? Pep Guardiola
86%
4 What Brazilian full back did Man City sign in Summer 2017 ? Danilo
80%
7 What player was kicked in the face against Liverpool ? Ederson
67%
14 What nationality is new signing Claudio Bravo ? Chile
66%
8 Who got the first red card for Man City this season ? Kyle Walker
54%
5 Who was Man Cities most expensive signing this season ? Benjamin Mendy
48%
10 What Man City teenage player scored 2 goals in England u17s final vs Spain Phil Foden
44%
12 What player scored Man Cities 97th minute winner at Bournemouth? Raheem Sterling
42%
6 Who scored a hat-trick against Watford at Vicarage Road ? Sergio Aguero
39%
9 Who was the player on the month for City in October ? Kevin De Bruyne
28%
15 Who was the first City player to pick up a yellow card this season? Gabriel Jesus
20%
13 What animal was Man cities nickname this season ? Sharks
16%
16 Who did Man City play in the first game of the Champions League group stage ? Feyenoord
15%
11 Who is Man cities number 15 ? Eliaquim Mangala
10%
No matching quizzes found
Score Distribution
Percent of People with Each Score
Percentile by Number Answered
Your Score History
You have not taken this quiz